000 00569nam a22001817a 4500
003 CEME
005 20210628210634.0
008 210210b xxu||||| |||| 00| 0 eng d
020 _a0-471-49298-1
040 _c.
082 _a621.3821 CLA
100 _aClark, Martin.P
_969263
245 _aWireless access networks fixed wireless access and wll networks-design and operation
260 _aNEW YORK
_bJOHN WILEY
_c2000
300 _a405P
650 _aWIRELESS COMMUNICATION SYSTEMS BROADBAND COMMUNICATION SYSTEMS LOCAL LOOP-TELEPHONEY
_980301
942 _cBK
_2ddc
999 _c585244
_d585244